Guess the Footballers by their Teams #9 - Statistics

General Stats
  • This quiz has been taken 326 times
  • The average score is 7 of 10
Answer Stats
Hint Answer % Correct
2005-. Delta Warsaw, Legia Warsaw II, Znicz Pruszkow, Znics Pruszkow II, Lech Poznan, Borussia Dortmund, Bayern Munich, Poland. Robert Lewandowski
100%
1997-2018. Independiente, Manchester United, Villareal, Atletico Madrid, Inter Milan, Internacional, Cerezo Osaka, Penarol, Mumbai City, Kitchee, Uruguay. Diego Forlan
79%
2006-. Vojvodina, Groningen, Twente, Southampton, Ajax, Serbia. Dusan Tadic
78%
1963-1981. 1861 Nordlingen, Bayern Munich, Fort Lauderdale Strikers, West Germany. Gerd Muller
75%
2005-. Viterbese, Inter Milan (loan), Inter Milan, Treviso (loan), Pisa (loan), Genoa, Bari, Juventus, AC Milan, Juventus, Italy. Leonardo Bonucci
74%
2001-2020. Metz, Monaco, Arsenal, Manchester City, Real Madrid (loan), Tottenham Hotspur (loan), Tottenham Hotspur, Crystal Palace, Istanbul Basaksehir, Kayserispor, Olimpia, Togo. Emmanuel Adebayor
70%
1981-1995. Ajax, AC Milan, Netherlands. Marco van Basten
66%
2005-. Arsenal, Celta Vigo (loan), Salamanca (loan), Osasuna (loan), West Bromwich Albion (loan), Real Sociedad (loan), Real Sociedad, Los Angeles FC, Mexico. Carlos Vela
61%
1997-. Olimpia, Bayern Munich, Bayern Munich II, Blackburn Rovers, Manchester City, Blackburn Rovers (loan), Real Betis (loan), Malaga (loan), Malaga, Cruz Azul, Malaga (loan), Olimpia, Libertad, Paraguay. Roque Santa Cruz
48%
2002-2016. Mohun Bagan, JCT, East Bengal, Dempo, Kansas City Wizards, Chirag United, Mohun Bagan, Sporting CP, Churchill Brothers (loan), Bengaluru, Mumbai City, Bengaluru (loan), Bengaluru, Mumbai City (loan), India. Sunil Chhetri
20%
No matching quizzes found
Score Distribution
Percent of People with Each Score
Percentile by Number Answered
Your Score History
You have not taken this quiz